Riconosci il Pokémon - Quiz n°658 - Statistics

Statistiche generali
  • Questo quiz è stato fatto 0 volte
  • Il punteggio medio è 0 su 10
Statistiche sulle risposte
Indizio Riposta % Corretto
Altezza 1,10 m
0%
Tasso di cattura 155 (30.2%)
0%
Peso 32,8 kg
0%
Sesso 50% ♂, 50% ♀
0%
Tipo Acqua / Buio
0%
Pokémon Crawdaunt
0%
Tasso di allevamento Fluttuante
0%
Abilità Ipertaglio; Guscioscudo; Adattabilità
0%
Stadio evoluzione Prima evoluzione
0%
Generazione Terza
0%
Nessun quiz corrispondente trovato
Distribuzione punteggi
Percentuale di utenti per punteggio
Percentile per numero di risposta
I tuoi punteggi nel tempo
Non hai fatto questo quiz